00345nam a2200133Ia 4500003000400000005001700004008004100021040001800062082001900080100001700099245004600116260004000162300000900202OSt20200606120041.0190216s9999||||xx |||||||||||||| ||und|| cMESKC library a891.432bKUM/H aKumar, Vinay 0aHindi Ke Samasya Natak /cDr. Vinay Kumar bNilam Prakashan,aAllahabad :c1967 a547p